000 00738nam a2200241Ia 4500
003 OSt
005 20220927105511.0
006 a|||||r|||| 00| 0
007 ta
008 220926b |||||||| |||| 00| 0 eng d
024 _a170157
037 _cReference Collections
040 _aRTL
_cRTL
_beng
041 _2eng
_aeng
082 _a"X71.2. N85 - N84, M4.2/GD"
110 _aMaharashtra (Government of-)
_9372937
245 0 _aBudget Memorandum 1984-85.
260 _aBombay
_bGovernment Central press
_c1984
300 _axx; 158p.
_ccm.
700 _aMaharashtra (Government of-)
_9372938
942 _h"X71.2. N85 - N84, M4.2/GD"
_cCC
999 _c692835
_d692835